000 01009nmm a2200301 a 4500
001 ocm0001256725
003 TR-IsHL
005 20201028160253.0
008 150709s2013 tu tur
007 cr cn
020 _a9786055176112
035 _a1256725
_b(N$T)
050 0 4 _aTH438
_b.A25 2013
090 0 4 _aTH438
_b.A25 2013
100 1 _aAçıkel, Ali
245 1 0 _aYapı işletmesi ve şantiye yönetimi
_h[electronic resource] /
_cAli Açıkel ; Mustafa Altın, Hicran Açıkel
260 _aKonya :
_bEğitim Akademi Yayınevi,
_c2013
300 _a336 p.
500 _aKaynakça var.
_x
650 4 _aMimarlık ve Tasarım
650 4 _aArchitecture and Design
650 0 _aYapı endüstrisi
_xYönetim
650 0 _aConstruction industry
_xManagement
650 7 _aARCHITECTURE / Buildings / General
_2bisacsh
700 1 _aAltın, Mustafa
700 1 _aAçıkel, Hicran
856 4 0 _uhttp://search.ebscohost.com/login.aspx?direct=true&scope=site&db=e011xww&AN=1256725
999 _c13515
_d13515